Lanean...
Kalyana saugandhikam /
| Egile nagusia: | |
|---|---|
| Formatua: | Printed Book |
| Hizkuntza: | Malayalam |
| Argitaratua: |
Kottayam :
S.P.C.S. ,
1984.
|
| Gaiak: |
| LEADER | 00495nam a2200157Ia 4500 | ||
|---|---|---|---|
| 008 | 150624b xxu||||| |||| 00| p mal d | ||
| 082 | |a 851.61 | ||
| 100 | |a Kunjan Nambiar | ||
| 245 | |c Kunjan Nambiar |a Kalyana saugandhikam / | ||
| 260 | |a Kottayam : |b S.P.C.S. , |c 1984. | ||
| 300 | |a 84 p. | ||
| 546 | |a In Malayalam. | ||
| 650 | |v Poetry | ||
| 942 | |c BK | ||
| 999 | |c 81715 |d 81715 | ||
| 952 | |0 0 |1 0 |4 0 |6 851_610000000000000_KAL_M |7 0 |9 81659 |a UL |b UL |c ST1 |d 1998-08-28 |l 0 |o 851.61 KAL M |p 61314 |r 2012-10-27 |w 2012-10-27 |y BK | ||